00269nam a2200109Ia 4500008004100000082002000041100002600061245002200087260002300109300000800132650001900140150201s1996 xx 000 0 und d a610.73678bM96R aROLLAND , POULETTE D. aMATERNITY NURSING bMOSBYaINDIAc1996 a527 aOBST. & GYNEA.